Housing and land prices in Canada and the United States

Bibliographic Details
Main Author: Goldberg, Michael A
Format: Book
Published: Vancover Canada : University of B.C , 1977
Subjects:

MARC

LEADER 00000cam a2200000 7i4500
001 0000007965
005 20161229.0
040 |a INS 
090 0 0 |a HD7305.A4   |b G618 1977 
100 0 |a Goldberg, Michael A 
245 0 0 |a Housing and land prices in Canada and the United States   |c Michael A. Goldberg 
260 |a Vancover Canada :   |b University of B.C ,   |c 1977 
300 |a 47p. ;   |c 21 cm. 
650 0 |a Housing   |x Economics aspects   |z Canada 
650 0 0 |a Housing prices   |z Canada 
650 0 0 |a Real property   |x Prices 
999 |a 0000022237   |b BOOK   |c Open Shelf   |e Default branch 
999 |a 0000022238   |b BOOK   |c Open Shelf   |e Default branch